Osoby se změněnou pracovní schopností na trhu práce.
Vnútorná diferencovanosť skupiny osôb so zmenenou pracovnou schopnosťou. Ekonomická aktivita občanov so zmenenou pracovnou schopnosťou a hmotná situácia invalidov. Príčiny invalidity. Rodinná situácia osôb so zmenenou pracovnou schopnosťou.
Na minha lista:
| Autor principal: | |
|---|---|
| Formato: | Capítulo de Livro |
| Idioma: | tcheco |
| Assuntos: | |
| Tags: |
Sem tags, seja o primeiro a adicionar uma tag!
|
MARC
| LEADER | 00000naa a2200000 4500 | ||
|---|---|---|---|
| 001 | r009514 | ||
| 005 | 20220831090833.9 | ||
| 041 | 0 | |a cze | |
| 044 | |a [CS] | ||
| 245 | 1 | 0 | |a Osoby se změněnou pracovní schopností na trhu práce. |c M. Bartošová |
| 520 | |a Vnútorná diferencovanosť skupiny osôb so zmenenou pracovnou schopnosťou. Ekonomická aktivita občanov so zmenenou pracovnou schopnosťou a hmotná situácia invalidov. Príčiny invalidity. Rodinná situácia osôb so zmenenou pracovnou schopnosťou. | ||
| 610 | 2 | 0 | |a osoby so zníženou pracovnou schopnosťou |
| 610 | 2 | 0 | |a invalidi |
| 610 | 2 | 0 | |a práca invalidov |
| 610 | 2 | 0 | |a trh práce |
| 610 | 2 | 0 | |a dôchodky invalidné |
| 610 | 2 | 0 | |a príjmy rodinné |
| 610 | 2 | 0 | |a politika sociálna |
| 610 | 2 | 0 | |a Čechy |
| 100 | 1 | |a Bartošová, M. | |